ბათუმის შოთა რუსთაველის სახელმწიფო უნივერსიტეტის ბიბლიოთეკა

Medical Acupuncture : (ბიბ.ჩანაწერი № 57492)

000 -LEADER
fixed length control field 00928nam a22002177a 4500
005 - DATE AND TIME OF LATEST TRANSACTION
control field 20221107105415.0
008 - FIXED-LENGTH DATA ELEMENTS--GENERAL INFORMATION
fixed length control field 200629s2016 eng||||| |||| 00| 0 eng d
020 ## - INTERNATIONAL STANDARD BOOK NUMBER
International Standard Book Number 9780702043079 1
041 ## - LANGUAGE CODE
Language code of text/sound track or separate title eng
080 ## - UNIVERSAL DECIMAL CLASSIFICATION NUMBER
Universal Decimal Classification number 61 M-16
245 ## - TITLE STATEMENT
Title Medical Acupuncture :
Remainder of title A Western Scientific Approach /
Statement of responsibility, etc. editors by Jacqueline Filshie MBBS FRCA DipMedAC (Editor), Adrian White MA MD BM BCh DipMedAc (Editor), Mike Cummings MB ChB DipMedAc (Editor).
264 ## - PRODUCTION, PUBLICATION, DISTRIBUTION, MANUFACTURE, AND COPYRIGHT NOTICE
Place of production, publication, distribution, manufacture Edinburgh :
Name of producer, publisher, distributor, manufacturer Elsevier,
Date of production, publication, distribution, manufacture, or copyright notice 2016.
300 ## - PHYSICAL DESCRIPTION
Extent 715 p.
Other physical details 25 cm.
653 ## - INDEX TERM--UNCONTROLLED
keyword სამედიცინო აკუპუნქტურა
653 ## - INDEX TERM--UNCONTROLLED
keyword მედიცინა
700 ## - ADDED ENTRY--PERSONAL NAME
Personal name Filshie, Jacqueline
Relator term რედაქტორი
9 (RLIN) 8845
700 ## - ADDED ENTRY--PERSONAL NAME
Personal name White, Adrian
Relator term რედაქტორი
9 (RLIN) 8846
700 ## - ADDED ENTRY--PERSONAL NAME
Personal name Cummings, Mike
Relator term რედაქტორი
9 (RLIN) 8847
700 ## - ADDED ENTRY--PERSONAL NAME
Personal name Longhurst, J.
Relator term რედაქტორი
9 (RLIN) 8848
942 ## - ADDED ENTRY ELEMENTS (KOHA)
Source of classification or shelving scheme
Koha item type წიგნი
ეგზემპლარები
Withdrawn status Lost status Source of classification or shelving scheme Damaged status Not for loan Permanent Location Current Location Shelving location Date acquired Cost, normal purchase price Full call number Barcode Date last seen Copy number Price effective from Koha item type Public note
          ბათუმის შოთა რუსთაველის სახელმწიფო უნივერსიტეტის მთავარი ბიბლიოთეკა ბათუმის შოთა რუსთაველის სახელმწიფო უნივერსიტეტის მთავარი ბიბლიოთეკა წიგნსაცავი 2020-06-29 264.00 61 M-16 60687 2020-06-29 60687 2020-06-29 წიგნი 264 Gel.